Ботаника в современном мире. Т. 1: Систематика высших растений | Флористика и география растений | Охрана растительного мира | Палеоботаника | Ботаническое образование (Запись № 11192427)

Подробности
000 -МАРКЕР
контрольное поле 02477nam2a2200385 4500
001 - ИДЕНТИФИКАТОР ЗАПИСИ
контрольное поле RU\NLR\BIBL_A\011958933
005 - ИДЕНТИФИКАТОР ВЕРСИИ
контрольное поле 20190402153856.0
010 ## - МЕЖДУНАРОДНЫЙ СТАНДАРТНЫЙ НОМЕР КНИГИ (ISBN)
Номер (ISBN) 978-5-00128-021-7
Тираж 400
021 ## - НОМЕР ГОСУДАРСТВЕННОЙ РЕГИСТРАЦИИ
Код страны Российская Федерация
Номер КН-П-19-008406
Номер Листа государственной регистраци КН-П-19-0624
035 ## - ДРУГИЕ СИСТЕМНЫЕ НОМЕРА
Идентификатор записи (NLR Aleph) 011958933
035 ## - ДРУГИЕ СИСТЕМНЫЕ НОМЕРА
Идентификатор записи (RuMoRGB)009887935
100 ## - ДАННЫЕ ОБЩЕЙ ОБРАБОТКИ
Данные общей обработки 20190313d2018 k y0rusy50 ca
101 0# - ЯЗЫК РЕСУРСА
Язык текста, звукозаписи и т.д. русский
Язык резюме английский
102 ## - СТРАНА ПУБЛИКАЦИИ ИЛИ ПРОИЗВОДСТВА
Страна публикации Российская Федерация
105 ## - ПОЛЕ КОДИРОВАННЫХ ДАННЫХ: ТЕКСТОВЫЕ МАТЕРИАЛЫ, МОНОГРАФИЧЕСКИЕ
Кодированные данные о монографическом текстовом документе y|||z|||101zy
200 1# - ЗАГЛАВИЕ И СВЕДЕНИЯ ОБ ОТВЕТСТВЕННОСТИ
Основное заглавие Систематика высших растений
-- Флористика и география растений
-- Охрана растительного мира
-- Палеоботаника
-- Ботаническое образование
210 ## - ПУБЛИКАЦИЯ, РАСПРОСТРАНЕНИЕ И ДР.
Дата издания, распространения и т.д. 2018
215 ## - ФИЗИЧЕСКАЯ ХАРАКТЕРИСТИКА
Специфическое обозначение материала и объем 383 с.
300 ## - ОБЩИЕ ПРИМЕЧАНИЯ
Текст примечания Рез. англ.
320 ## - ПРИМЕЧАНИЯ О НАЛИЧИИ В ДОКУМЕНТЕ БИБЛИОГРАФИИ / УКАЗАТЕЛЯ
Текст примечания Библиогр. в конце докл.
320 ## - ПРИМЕЧАНИЯ О НАЛИЧИИ В ДОКУМЕНТЕ БИБЛИОГРАФИИ / УКАЗАТЕЛЯ
Текст примечания Алф. указ. авт.: с. 373-377
461 #0 - УРОВЕНЬ НАБОРА
Встроенное поле 001RU\NLR\BIBL_A\011958927
-- 2001#$aБотаника в современном мире$eтруды XIV Съезда русского ботанического общества и конференции "Ботаника в современном мире" [г. Махачкала, 18-23 июня 2018 г.]$fРусское ботаническое общество [и др.]$g[ответственный редактор: проф. А.Л. Буданцев]$vТ. 1
Системный номер (АБИС) связанной записи 11192386
Место публикации Махачкала
Дата публикации 2018
Первые сведения об ответственности Русское ботаническое общество [и др.]
Имя издателя, распространителя и т.д. АЛЕФ
Сведения, относящиеся к заглавию труды XIV Съезда русского ботанического общества и конференции "Ботаника в современном мире" [г. Махачкала, 18-23 июня 2018 г.]
Заглавие Ботаника в современном мире
Номер тома Т. 1
606 1# - НАИМЕНОВАНИЕ ТЕМЫ КАК ПРЕДМЕТ
Наименование темы Высшие растения
Формальный подзаголовок Съезды, совещания и т.п
Системный номер авторитетной/нормативной записи 2578738
Идентификатор авторитетной/нормативной записи RU\NLR\AUTH\661524569
606 1# - НАИМЕНОВАНИЕ ТЕМЫ КАК ПРЕДМЕТ
Наименование темы Растения
Формальный подзаголовок Съезды, совещания и т.п
Тематический подзаголовок Охрана
Системный номер авторитетной/нормативной записи 1586030
Идентификатор авторитетной/нормативной записи RU\NLR\AUTH\66995480
606 1# - НАИМЕНОВАНИЕ ТЕМЫ КАК ПРЕДМЕТ
Наименование темы Палеоботаника
Формальный подзаголовок Съезды, совещания и т.п
Системный номер авторитетной/нормативной записи 1200443
Идентификатор авторитетной/нормативной записи RU\NLR\AUTH\66167731
606 1# - НАИМЕНОВАНИЕ ТЕМЫ КАК ПРЕДМЕТ
Наименование темы Ботаническое образование
Формальный подзаголовок Съезды, совещания и т.п
Системный номер авторитетной/нормативной записи 2344079
Идентификатор авторитетной/нормативной записи RU\NLR\AUTH\661400916
686 1# - ИНДЕКСЫ ДРУГИХ КЛАССИФИКАЦИЙ
Индекс Е592я431(2)
686 1# - ИНДЕКСЫ ДРУГИХ КЛАССИФИКАЦИЙ
Индекс Е588я431(2)
686 1# - ИНДЕКСЫ ДРУГИХ КЛАССИФИКАЦИЙ
Индекс Е15я431(2)
686 1# - ИНДЕКСЫ ДРУГИХ КЛАССИФИКАЦИЙ
Индекс Ч458.5я431
942 ## - ДОПОЛНИТЕЛЬНЫЕ ЭЛЕМЕНТЫ ЗАПИСИ (АБИС)
Тип экземпляра АБИС Книга
980 ## - КОЛЛЕКЦИЯ
Название коллекции Национальная библиография
Экземпляры
Тип экземпляра Дата поступления Источник поступления Стоимость Библиотека постоянного хранения Библиотека текущего хранения Место хранения Шифр хранения Штрих-код Статус экземпляра
Книга 13.03.2019 Обязательный экземпляр 0.00 РНБ (Московский) РНБ (Московский) Русский книжный фонд: издания с 1957 года 2019-8/1006 1-2639616  
Книга 13.03.2019 Обязательный экземпляр 0.00 РНБ (Московский) РНБ (Московский) Русский книжный фонд: издания с 1957 года 2019-8/1006 1-2639617